[Event "IECG TE.2007.P.02409 email"]
[Site "IECG email"]
[Date "2007.03.31"]
[Round "?"]
[White "Gonzalez, Eduardo"]
[Black "Kiryushin, Anatoly"]
[Result "0-1"]
[WhiteElo "800"]
[BlackElo "1151"]
[PlyCount "96"]
[EventDate "2007.03.31"]
[EventType "tourn (corr)"]
[EventRounds "12"]
[SourceTitle "Corr 2024"]
[Source "ChessBase"]
[SourceDate "2023.10.19"]
[SourceVersion "1"]
[SourceVersionDate "2023.10.19"]
[SourceQuality "1"]

1. d4 d5 2. c4 e5 3. dxe5 d4 4. Nf3 Nc6 5. g3 f6 6. exf6 Nxf6 7. Bg2 Bb4+ 8. Nbd2 d3 9. a3 Be7 10. Nb3 Bf5 11. Nh4 Bg4 12. Bxc6+ bxc6 13. Qxd3 Qxd3 14. exd3 0-0-0 15. d4 Rhe8 16. Be3 Ne4 17. Na5 Bg5 18. 0-0 Bxh4 19. gxh4 Bf3 20. h3 Re6 21. Kh2 Nd6 22. Rae1 Nf5 23. Nb3 Rde8 24. Nc5 R6e7 25. Nd3 Re4 26. Ne5 Bh5 27. Nxc6 Nxh4 28. Ra1 R8e6 29. d5 Rg6 30. Rg1 Nf3+ 31. Kh1 Nxg1 32. Rxg1 Rxg1+ 33. Kxg1 Rxc4 34. Nxa7+ Kb7 35. Nc6 Rc2 36. Bd4 Bf3 37. Bxg7 Bxd5 38. Ne7 Rc1+ 39. Kh2 Rh1+ 40. Kg3 Be6 41. Kf4 Rxh3 42. Ke4 h5 43. f4 h4 44. f5 Bc4 45. Bf6 Rh2 46. Kf4 Bf1 47. Be5 Rg2 48. f6 h3 0-1